Les races et les langues / (Record no. 157447)

MARC details
000 -LEADER
campo de control de longitud fija 00783nam a22002175i 4500
001 - NÚMERO DE CONTROL
campo de control 157447
003 - IDENTIFICADOR DE NÚMERO DE CONTROL
campo de control ES-MaACL
005 - FECHA Y HORA DE LA ÚLTIMA TRANSACCIÓN
campo de control 20230906210706.0
008 - DATOS DE LONGITUD FIJA--INFORMACIÓN GENERAL
campo de control de longitud fija 040824s1893 fr |||| | fre d
040 ## - FUENTE DE CATALOGACIÓN
Centro catalogador/agencia de origen CAM
Lengua de catalogación spa
Centro/agencia transcriptor CAM
080 ## - NÚMERO DE LA CLASIFICACIÓN DECIMAL UNIVERSAL
Número de la Clasificación Decimal Universal 811(091)
100 1# - ENTRADA PRINCIPAL--NOMBRE DE PERSONA
Nombre de persona Lefèvre, André.
9 (RLIN) 71236
245 14 - MENCIÓN DEL TÍTULO
Título Les races et les langues /
Mención de responsabilidad, etc. par André Lefèvre.
260 ## - PUBLICACIÓN, DISTRIBUCIÓN, ETC.
Lugar de publicación, distribución, etc. Paris :
Nombre del editor, distribuidor, etc. Ancienne Librairie Germer Baillière et Cª :
-- Félix Alcan,
Fecha de publicación, distribución, etc. 1893 (
Lugar de fabricación/manufactura Coulommiers :
Fabricante Imp. Paul Brodard)
300 ## - DESCRIPCIÓN FÍSICA
Extensión 301, [2] p. ;
Dimensiones 22 cm.
490 1# - MENCIÓN DE SERIE
Mención de serie Bibliothèque scientifique internationale ;
Designación de volumen o secuencia 76
650 #4 - PUNTO DE ACCESO ADICIONAL DE MATERIA--TÉRMINO DE MATERIA
Término de materia o nombre geográfico como elemento de entrada Lenguas-
Subdivisión general Historia.
9 (RLIN) 147556
830 0# - PUNTO DE ACCESO ADICIONAL DE SERIE-TÍTULO UNIFORME
Título uniforme Bibliothèque scientifique internationale ;
Designación de volumen o secuencia 76
9 (RLIN) 186949
852 ## - LOCALIZACIÓN
Ubicación ES-MaACL
Número de control de estantería F-14405
Nota libre -- Enc. ed. en tela
Holdings
Estatus retirado Estado de pérdida Estado de daño No para préstamo Colección Biblioteca de origen Biblioteca actual Ubicación en estantería Fecha de adquisición Fuente de adquisición Total de préstamos Signatura topográfica completa Código de barras Visto por última vez Precio de reemplazo Tipo de ítem Koha
        Libros del s. XIX Biblioteca del Ateneo de Madrid Biblioteca del Ateneo de Madrid Sala Pecera Planta 2 17/01/2008     F-14405 1164765 23/02/2023 23/02/2023 Libro impreso antiguo